Magdalini, Magda, Maggie : roman
Αποθηκεύτηκε σε:
| Κύριος συγγραφέας: | |
|---|---|
| Μορφή: | Βιβλίο |
| Γλώσσα: | German Greek |
| Δημοσίευση: |
Köln :
Romiosini,
c2007.
|
| Θέματα: | |
| Ετικέτες: |
Προσθήκη ετικέτας
Δεν υπάρχουν, Καταχωρήστε ετικέτα πρώτοι!
|
MARC
| LEADER | 00000nam a2200000 a 4500 | ||
|---|---|---|---|
| 001 | 1/127332 | ||
| 008 | 230925s2007####gw | ||| |||| ||ger|| | ||
| 020 | |a 9783929889826 | ||
| 040 | |a GR-MyUa |b gre |c GR-MyUa |e AACR2 | ||
| 041 | 1 | |a ger |h gre | |
| 082 | 7 | |a 889.36 |2 (23) | |
| 100 | 1 | |a Παιονίδου, Έλλη, |d 1940- | |
| 245 | 1 | 0 | |a Magdalini, Magda, Maggie : |b roman / |c Elli Peonidou ; aus dem Griechischen von Brigitte Athanassopoulos. |
| 260 | |a Köln : |b Romiosini, |c c2007. | ||
| 300 | |a 300 σ. ; |c 21 εκ. | ||
| 500 | |a Τίτλος πρωτοτύπου: Μαγδαληνή, Μάγδα, Μάγκι | ||
| 650 | 0 | |a Greek literature, Modern |z Cyprus. | |
| 650 | 0 | |a Greek prose literature, Modern |z Cyprus. | |
| 852 | |a INST |b RHODES |e 20230925 |h 889.36 ΠΑΙ |p 005400043778 |q 005400043778 |t BK |y 0 | ||
| 970 | |z 25-09-2023 | ||